Biggest Lakes per Country - Impossible - Statistics

General Stats
  • This quiz has been taken 2 times
  • The average score is 6 of 157
Answer Stats
Indice Réponses Superficie % Correct
Kenya Victoria 68 800 km²
100%
Russie Baïkal 23 620 km³
50%
Hongrie Balaton 592 km²
50%
Allemagne Constance 536 km²
50%
Venezuela Maracaibo 13 210 km²
50%
Egypte Nasser 5 250 km²
50%
Macédoine Ohrid 358 km²
50%
Arménie Sévan 1 242 km²
50%
Albanie Shkodra 370 km²
50%
Bolivie Titicaca 8 372 km²
50%
Pérou Titicaca 8 372 km²
50%
Libye 23 Juillet / Gaberoun 1 km² / ?
0%
Djibouti Abbe 450 km²
0%
Madagascar Alaotra 900 km²
0%
Arabie Saoudite Al-Asfar inconnu
0%
Maroc Al Wahda 123 km²
0%
Gabon Anengué 56 km2
0%
Grenade Antoine unknown
0%
Ouzbékistan Aral 68 000 km²
0%
Costa Rica Arenal 85 km²
0%
Argentine Argentino 1 560 km²
0%
Kazakhstan Balkhach 16 996 km²
0%
Burkina Faso Bam 30 km²
0%
Portugal Barrage d'Alqueva 250 km²
0%
Paraguay Barrage d'Itaipu 1 350 km²
0%
Japon Biwa 670,4 km²
0%
Centrafrique Boali 34 km²
0%
Dominique Bouillant unknown
0%
Bulgarie Bourgas 27,6 km²
0%
Suriname Brokopondo 7 364 km²
0%
Trinité-et-Tobago Caroni-Arena unknown
0%
Malte Chadwick 0.84 km²
0%
Belize Challilo inconnu
0%
Tunisie Chott el-Jérid 7 000 km²
0%
Algérie Chott Melghir 6 700 km²
0%
Corée du Sud Chungjuho 66,5 km²
0%
Nicaragua Cocibolca 8 264 km²
0%
Autriche Constance 536 km²
0%
Lituanie Courlande 1 584 km²
0%
Mali Débo 160 km²
0%
Angola Dilolo 18,9 km²
0%
Syrie el-Assad 525 km²
0%
Andorre Estanys de Juclar 0.21 km²
0%
Haïti Étang Saumâtre 170 km²
0%
Australie Eyre 9500 km²
0%
Bahamas Forsyth inconnu
0%
Italie Garde 367 km²
0%
Panama Gatún 425 km²
0%
Sénégal Guiers 170 km²
0%
Afghanistan Haibat / Band-e Amir 606,2 km²
0%
Vietnam Ho Tri An 323 km²
0%
Pays-Bas IJsselmeer 1 100 km²
0%
Salvador Ilopango 72 km²
0%
Birmanie Indawgyi 260 km²
0%
Guatemala Izabal 589,6 km²
0%
Roumanie Izvorul Muntelui 31 km²
0%
Bosnie-Herzégovine Jablanica 13 km²
0%
Tadjikistan Kaïrakkoum 520 km²
0%
Ukraine Kakhova 1 850 km²
0%
Bangladesh Kaptai 688 km²
0%
Turkmenistan Kara-Bogaz-Gol 18 400 km².
0%
Zimbabwe Kariba 5 580 km²
0%
Rwanda Kivu 2 700 km²
0%
Côte d'Ivoire Kossou 1 700 km²
0%
Cameroun Lagdo 586 km²
0%
Brésil Lagoa Dos Patos 10 000 km²
0%
Philippines Laguna de Bay 911,7 km²
0%
Pologne Lagune de Szczecin 687 km2
0%
Luxembourg La Haute-Sûre 3,8 km²
0%
Samoa Lalolalo 0.152 km²
0%
Chypre Larnaca 15,8 km²
0%
Belgique l'Eau d'Heure 6,17 km²
0%
Cuba Leche 66 km²
0%
France Léman 580 km²
0%
Suisse Léman 580 km²
0%
Kighizistan Lessik 6 236 km²
0%
Vanuatu Letas 19 km²
0%
Tchéquie Lipno 48.7 km²
0%
Slovaquie Liptovská Mara 22 km²
0%
Chili Llanquihue 860 km²
0%
Irlande Lough Corrib 176 km²
0%
Royaume-uni Lough Neagh 392 km²
0%
Lettonie Lubans 80.7 km²
0%
Bhoutan Luggye Tsho 1,34 km²
0%
Malawi Malawi 29 600 km²
0%
Mozambique Malawi 29 600 km²
0%
Pakistan Manchar ≈250 km²
0%
Moldavie Manta 21 km²
0%
Sierra Leone Mape unknown
0%
Yémen Marib ≈100 km²
0%
Singapour Marina unknown
0%
Israël Mer Morte 605 km²
0%
Jordanie Mer Morte 605 km²
0%
Azerbaïdjan Mingachevir 605 km2
0%
Uruguay Mirim 3 994 km2
0%
Norvège Mjøsa 362 km²
0%
Fidji Monasavu 7,06 km²
0%
Papouasie-Nouvelle-Guinée Murray 647 km2
0%
Laos Nam Ngum 250 km²
0%
Togo Nangbéto 180 km²
0%
Biélorussie Narotch 79,2 km²
0%
Soudan Nasser 5 250 km²
0%
Botswana Ngami 250 km2
0%
Comores Niamawi 3.5 km²
0%
Soudan du Sud No 100 km²
0%
Bénin Nokoué 49km²
0%
Iran Ourmia 5 200 km²
0%
Namibie Pan d'Etosha 16,058 km²
0%
Corée du Nord Paradis 9 km²
0%
Géorgie Paravani 37,5 km²
0%
Estonie Peipus 3 555 km²
0%
Liberia Piso 103 km²
0%
Slovénie Ptuj 3.4 km²
0%
Liban Qaraoun 11,9 km²
0%
Chine Qinghai 4 400 km²
0%
Népal Rara 9,8 km²
0%
Mauritanie Rkiz 150 km²
0%
Finlande Saimaa 4 400 km²
0%
Guinée Samaya unknown
0%
Espagne Sanabria 3.5 km²
0%
Sri Lanka Senanayake Samudra 994 km²
0%
Monténégro Shkodra 370 km²
0%
Afrique du Sud Sibaya 64 km²
0%
Danemark Sørvágsvatn / Leitisvatn 3.4 km²
0%
Liechtenstein Stausee Steg 0,032 km²
0%
Canada Supérieur 82 000 km²
0%
Etats-Unis Supérieur 82 100 km²
0%
Ethiopie Tana 2 156 km²
0%
Burundi Tanganyika 32 900 km²
0%
République Démocratique du Congo Tanganyika 32 900 km²
0%
Zambie Tanganyika 32 900 km²
0%
Brunei Tasek Merimbun 152.8 km2
0%
Malaisie Tasik Kenyir 260 km²
0%
Nouvelle-Zélande Taupo 616 km²
0%
Niger Tchad ≈24000 km²
0%
Nigeria Tchad ≈24000 km²
0%
Tchad Tchad ≈24000 km²
0%
Îles Salomon Tegano 155 km²
0%
Congo Télé 23 km²
0%
Mexique Terminos 2007 km²
0%
Irak Tharthar 2 710 km²
0%
Islande Þingvallavatn 84 km²
0%
Indonésie Toba 1 130 km²
0%
Cambodge Tonlé Sap 2 700 km²
0%
Colombie Tota 55 km²
0%
Grèce Trichonida 98,6 km²
0%
Mongolie Uvs Nuur 3 350 km²
0%
Turquie Van 3 755 km²
0%
Suède Vänern 5 650 km²
0%
Equateur Velasco Ibarra inconnu
0%
Inde Vembanad 2 033 km²
0%
Ouganda Victoria 68 800 km²
0%
Tanzanie Victoria 68 800 km²
0%
Serbie Vlasina 16 km²
0%
Ghana Volta 8 502 km²
0%
Croatie Vrana 30,7 km²
0%
Honduras Yojoa 79 km²
0%
No matching quizzes found
Score Distribution
Percent of People with Each Score
Percentile by Number Answered
Your Score History
You have not taken this quiz